| 000 | 01367nam a2200229Ia 4500 | ||
|---|---|---|---|
| 003 | Ost | ||
| 005 | 20260507075028.0 | ||
| 008 | 260507s9999||||xx |||||||||||||| ||und|| | ||
| 040 | _cfsecg | ||
| 041 | _aara | ||
| 082 | _a657.42 | ||
| 100 |
_aبدوي، محمد عباس _eمؤلف |
||
| 245 | 0 |
_aمقدمة في المحاسبة المالية وفقا لمعايير المحاسبة المصرية والدولية / _c محمد عباس بدوي |
|
| 260 |
_aالاسكندرية: _bدار الجامعة الجديدة, _c[دون تاريخ] |
||
| 300 |
_a429 صفحة؛ _bإيضاحات ؛ _c24 سم |
||
| 520 | _aجرد الأصول الثابتة-جرد وتسوية المخزون-جرد وتسوية العملاء- جرد وتسوية أوراق القبض- جرد وتسوية النقدية-جرد وتسوية الخصوم- المحاسبة عن عمليات المشروع الصناعي- ورقة العمل والقوائم المالية للمشروع الصناعي- اليوميات المساعدة والحسابات المساعدة الاجمالية- الأخطاء المحاسبية وكيفية معالجتها | ||
| 653 | _aالمحاسبة | ||
| 653 | _aالمحاسبة الدولية | ||
| 653 | _aمحاسبة التكاليف | ||
| 700 |
_aنصر الله، عبد الوهاب _eمؤلف ثانوي |
||
| 942 | _cكتاب | ||
| 999 |
_c42351 _d42351 |
||